Lengua 8 : carpeta de actividades /
Guardado en:
| Autor Principal: | |
|---|---|
| Otros Autores: | , , |
| Formato: | Libro |
| Publicado: |
Buenos Aires :
Tinta Fresca,
2005
|
| Materias: | |
| Etiquetas: |
Agregar Etiqueta
Sin Etiquetas, Sea el primero en etiquetar este registro!
|
| LEADER | 01260nam a22003255a 4500 | ||
|---|---|---|---|
| 001 | CEM.cems011938 | ||
| 005 | 20080229080642.0 | ||
| 008 | 130507s2005##################000#0#####d | ||
| 003 | CEMS | ||
| 020 | |a 9875760404 | ||
| 082 | 0 | 4 | |a Z468 |
| 100 | 1 | |a Cano, Fernanda | |
| 245 | 1 | 0 | |a Lengua 8 : |b carpeta de actividades / |c Fernanda Cano ... [et Al.] |
| 260 | |a Buenos Aires : |b Tinta Fresca, |c 2005 | ||
| 300 | |a 112 p. | ||
| 500 | |a Para 8ºaño Egb | ||
| 505 | 0 | |a Cuentos realistas -- La ciencia ficción -- El diario -- Graficaciones -- Poesía -- Publicidad y propaganda -- Teatro -- Textos explicativos y argumentativos. | |
| 653 | |a Lengua | ||
| 653 | |a Lengua-8 egb | ||
| 653 | |a Lengua-actividades | ||
| 653 | |a Textos | ||
| 653 | |a Teatro | ||
| 700 | 1 | |a Cucci, Mónica | |
| 700 | 1 | |a Frutos, María Sara | |
| 700 | 1 | |a Hartfiel, Claudia | |
| 859 | |a CEMS |b BIB. CEMS - 11 de abril |h Z468 |i C394-1 |p 23045.05 |t Ej.1 |v 8º |3 8º | ||
| 859 | |a CEMS |b BIB. CEMS - 11 de abril |h Z468 |i C394-1 |p 23046.05 |t Ej.2 |v 8º |3 8º | ||
| 859 | |a CEMS |b BIB. CEMS - 11 de abril |h Z468 |i C394-1 |p 23047.05 |t Ej.3 |v 8º |3 8º | ||
| 859 | |a CEMS |b BIB. CEMS - 11 de abril |h Z468 |i C394-1 |p 23048.05 |t Ej.4 |v 8º |3 8º | ||
| 859 | |a CEMS |b BIB. CEMS - 11 de abril |h Z468 |i C394-1 |p 23049.05 |t Ej.5 |v 8º |3 8º | ||
